Statistics for Country Capital Neighbour Connect Jumps Map: Reversed Alphab

Click here to take the quiz!

General Stats

  • This quiz has been taken 86 times
  • The average score is 160 of 392

Answers on the Map

Answers color-coded by a green-red scale on the quiz's map according to % correct below.
 

Answer Stats

Country/Capital% Correct
Vaduz
100%
Bern
88%
Germany
88%
Moscow
85%
Warsaw
85%
Finland
79%
Helsinki
79%
Kiev
79%
Norway
79%
Oslo
79%
Russia
79%
Stockholm
79%
Sweden
79%
Belgrade
76%
Bucharest
76%
Budapest
76%
Chișinău
76%
Hungary
76%
Kosovo
76%
Montenegro
76%
Ukraine
76%
Berlin
73%
Bosnia and Herzegovina
73%
Brussels
73%
Copenhagen
73%
Croatia
73%
Denmark
73%
Italy
73%
Ljubljana
73%
Netherlands
73%
Paris
73%
Rome
73%
Sarajevo
73%
Vatican City
73%
Vatican City (cap)
73%
Zagreb
73%
Belize
70%
Belmopan
70%
Bogotá
70%
Brazil
70%
Buenos Aires
70%
Caracas
70%
Colombia
70%
Costa Rica
70%
Ecuador
70%
El Salvador
70%
France
70%
Georgetown
70%
Guatemala
70%
Guatemala City
70%
Honduras
70%
La Paz
70%
Managua
70%
Mexico
70%
Mexico City
70%
Monaco
70%
Monaco (cap)
70%
Montevideo
70%
Nicaragua
70%
Panama
70%
Panama City
70%
Paraguay
70%
Paramaribo
70%
Peru
70%
Quito
70%
San José
70%
San Salvador
70%
Suriname
70%
Tegucigalpa
70%
United States
70%
Uruguay
70%
Turkey
64%
Afghanistan
61%
Ashgabat
61%
Baku
61%
Bandar Seri Begawan
61%
Bangkok
61%
Beijing
61%
Bishkek
61%
Brunei
61%
China
61%
Hanoi
61%
Iran
61%
Iraq
61%
Kazakhstan
61%
Kuala Lumpur
61%
Kuwait
61%
Kuwait City
61%
Kyrgyzstan
61%
Laos
61%
Malaysia
61%
Myanmar
61%
Naypyidaw
61%
Phnom Penh
61%
Tajikistan
61%
Tashkent
61%
Thailand
61%
Turkmenistan
61%
Uzbekistan
61%
Vientiane
61%
Vietnam
61%
Yerevan
61%
Azerbaijan
58%
Bhutan
58%
India
58%
Kathmandu
58%
Nepal
58%
New Delhi
58%
Pakistan
58%
Tehran
58%
Thimphu
58%
Ankara
55%
Bangui
55%
Beirut
55%
Brazzaville
55%
Cairo
55%
Cameroon
55%
Damascus
55%
Democratic Republic of the Congo
55%
Egypt
55%
Gabon
55%
Jerusalem
55%
Khartoum
55%
Lebanon
55%
Libreville
55%
Malabo
55%
Republic of the Congo
55%
South Sudan
55%
Sudan
55%
Tbilisi
55%
Tripoli
55%
Accra
52%
Algiers
52%
Bamako
52%
Banjul
52%
Benin
52%
Bissau
52%
Burkina Faso
52%
Conakry
52%
Dakar
52%
Dili
52%
Dublin
52%
East Timor
52%
Gambia
52%
Guinea-Bissau
52%
Indonesia
52%
Ireland
52%
Jakarta
52%
Lomé
52%
London
52%
Mali
52%
Morocco
52%
Niamey
52%
Niger
52%
Nouakchott
52%
Ouagadougou
52%
Papua New Guinea
52%
Port Moresby
52%
Porto-Novo
52%
Rabat
52%
Senegal
52%
Spain
52%
Togo
52%
United Kingdom
52%
Yamoussoukro
52%
Lesotho
45%
Maseru
45%
Nauru
45%
Yaren
45%
Botswana
42%
Bujumbura
42%
Burundi
42%
Djibouti
42%
Djibouti (cap)
42%
Dodoma
42%
Gaborone
42%
Harare
42%
Kigali
42%
Kinshasa
42%
Lilongwe
42%
Lusaka
42%
Malawi
42%
Maputo
42%
Mogadishu
42%
Mozambique
42%
Nairobi
42%
Port Vila
42%
Pretoria
42%
Vanuatu
42%
Windhoek
42%
Zimbabwe
42%
Angola
39%
Asmara
39%
Ethiopia
39%
Funafuti
39%
Kampala
39%
Kenya
39%
Luanda
39%
Namibia
39%
Tanzania
39%
Tuvalu
39%
Zambia
39%
Bahamas
33%
Nassau
33%
Abuja
30%
Athens
30%
Austria
30%
Belarus
30%
Bratislava
30%
Bulgaria
30%
Central African Republic
30%
Chad
30%
Comoros
30%
Cyprus
30%
Czech Republic
30%
Dominica
30%
Greece
30%
Libya
30%
Liechtenstein
30%
Macedonia
30%
Maldives
30%
Malé
30%
Manila
30%
Minsk
30%
Moldova
30%
Moroni
30%
Muscat
30%
N'Djamena
30%
Nicosia
30%
Nigeria
30%
Oman
30%
Philippines
30%
Poland
30%
Prague
30%
Pristina
30%
Qatar
30%
Riyadh
30%
Romania
30%
Roseau
30%
Saudi Arabia
30%
Skopje
30%
Slovenia
30%
Switzerland
30%
Tirana
30%
Tunis
30%
United Arab Emirates
30%
Vienna
30%
Vilnius
30%
Yaoundé
30%
Yemen
30%
Amman
27%
Antananarivo
27%
Baghdad
27%
Barbados
27%
Basseterre
27%
Bridgetown
27%
Castries
27%
Honiara
27%
Israel
27%
Jordan
27%
Madagascar
27%
Majuro
27%
Marshall Islands
27%
Mauritius
27%
Mongolia
27%
Ngerulmud
27%
Palau
27%
Port Louis
27%
Saint Kitts and Nevis
27%
Saint Lucia
27%
Seychelles
27%
Solomon Islands
27%
Syria
27%
Ulaanbaatar
27%
Victoria
27%
Argentina
24%
Asunción
24%
Bolivia
24%
Brasília
24%
Chile
24%
Federated States of Micronesia
24%
Guyana
24%
Japan
24%
Kingstown
24%
Lima
24%
Palikir
24%
Saint Vincent and the Grenadines
24%
Santiago
24%
Tokyo
24%
Venezuela
24%
Antigua and Barbuda
21%
Cote d'Ivoire
21%
Dominican Republic
21%
Estonia
21%
Freetown
21%
Ghana
21%
Grenada
21%
Haiti
21%
Jamaica
21%
Kingston
21%
Latvia
21%
Lisbon
21%
Lithuania
21%
Madrid
21%
Monrovia
21%
New Zealand
21%
North Korea
21%
Port-au-Prince
21%
Portugal
21%
Pyongyang
21%
Riga
21%
Saint George's
21%
Saint John's
21%
Santo Domingo
21%
Seoul
21%
Sierra Leone
21%
South Korea
21%
Taipei
21%
Taiwan
21%
Tallinn
21%
Wellington
21%
Amsterdam
18%
Bangladesh
18%
Belgium
18%
Dhaka
18%
Iceland
18%
Port-of-Spain
18%
Reykjavík
18%
San Marino
18%
San Marino (cap)
18%
Trinidad and Tobago
18%
Abu Dhabi
15%
Andorra
15%
Andorra la Vella
15%
Dushanbe
15%
Fiji
15%
Kabul
15%
Kiribati
15%
Luxembourg
15%
Luxembourg (cap)
15%
Mbabane
15%
São Tomé
15%
São Tomé and Príncipe
15%
South Africa
15%
South Tarawa
15%
Sri Jayawardenepura Kotte
15%
Sri Lanka
15%
Suva
15%
Swaziland
15%
Australia
12%
Bahrain
12%
Canada
12%
Canberra
12%
Cape Verde
12%
Islamabad
12%
Manama
12%
Ottawa
12%
Praia
12%
Singapore
12%
Singapore (cap)
12%
Washington D.C.
12%
Addis Ababa
9%
Albania
9%
Algeria
9%
Apia
9%
Armenia
9%
Astana
9%
Cambodia
9%
Cuba
9%
Doha
9%
Equatorial Guinea
9%
Eritrea
9%
Georgia
9%
Guinea
9%
Havana
9%
Juba
9%
Liberia
9%
Malta
9%
Mauritania
9%
Nukuʻalofa
9%
Podgorica
9%
Rwanda
9%
Samoa
9%
Sana'a
9%
Serbia
9%
Slovakia
9%
Sofia
9%
Somalia
9%
Tonga
9%
Tunisia
9%
Uganda
9%
Valletta
9%

Score Distribution

Percentile by Number Answered

Percent of People with Each Score

Your Score History

You have not taken this quiz